Microsoft Word 97 snadno a rychle

Guardado en:
Detalles Bibliográficos
Autores principales: Pecinovský, Rudolf (Autor), Pecinovský, Jan (Autor), Halodová, Radka (Autor)
Formato: Libro
Lenguaje:checo
Publicado: Praha : Grada Publishing, 1997
Edición:1.vyd.
Materias:
Etiquetas: Agregar Etiqueta
Sin Etiquetas, Sea el primero en etiquetar este registro!

MARC

LEADER 00000nam a22000003a 4500
001 stu33271
005 20190206132404.2
008 980819s1997------------------------cze-d
020 |a 80-7169-483-5 
040 |a STU  |b slo 
041 0 |a cze 
080 |a 519.68 
080 |a 681.32.06 MS WORD 
084 |a C6130D  |2 INS  |7 A000002090 
084 |a C7106  |2 INS 
084 |a D5050  |2 INS  |7 stu_us_auth*stu15721 
100 1 |a Pecinovský, Rudolf  |4 aut 
245 1 |a Microsoft Word 97 snadno a rychle 
250 |a 1.vyd. 
260 |a Praha :  |b Grada Publishing,  |c 1997 
300 |a 142 s 
650 7 |a programové systémy  |2 stusub 
650 7 |a počítačové programy  |2 stusub 
650 7 |a textové editory  |2 stusub 
700 1 |a Pecinovský, Jan  |4 aut 
700 1 |a Halodová, Radka  |4 aut 
996 |b 284EK06692  |c E*81559  |l EE01  |s A  |a 24  |w stu33271_0001